Ethnography study on reduction of maternal and neonatal deaths in the Dodoma reagion, Tanzania : UN joint programme 2: maternal and newborn mortality reduction

Enregistré dans:
Détails bibliographiques
Auteur principal: Gopal, Kasum
Autres auteurs: Lugalla, Joe L.P, Nyoni, Joyce, Sambaiga, Richard
Format: Livre
Publié: Dar es Salaam: Mkuki na Nyota Publishers, c2011.
Sujets:
Tags: Ajouter un tag
Pas de tags, Soyez le premier à ajouter un tag!

MARC

LEADER 00000nam a22000007a 4500
020 |a 9789987080915  |c Tzs 20,000/= 
040 |a MUL  |b eng  |e AACR 
082 |a 618.790967826 GOP 
100 |a Gopal, Kasum 
245 |a Ethnography study on reduction of maternal and neonatal deaths in the Dodoma reagion, Tanzania  |b : UN joint programme 2: maternal and newborn mortality reduction  |c / originally written by Kasum Gopal , revised and re-written by Joel L.P. Lugalla, Joyce Nyoni and Richard Samabaiga,  
260 |a Dar es Salaam:   |b Mkuki na Nyota Publishers,   |c c2011.  
300 |a xix,124p.:  |b col.ill.;  |c 25cm. 
504 |a Includes references  
546 |a eng 
650 |a Maternal and neonatal deaths- Tanzania| Newborn mortality reduction | | Ethnography study| Reproductive health   |z Neonatal death rates -Tanzania  
700 |a Lugalla, Joe L.P.  
700 |a Nyoni, Joyce 
700 |a Sambaiga, Richard 
942 |c BK 
999 |c 88  |d 88